书目信息 |
| 题名: |
多中心城市空间结构
|
|
| 作者: | 吴一洲 著 | |
| 分册: | ||
| 出版信息: | 北京 中国建筑工业出版社 2018.06 |
|
| 页数: | 301页 | |
| 开本: | 26cm | |
| 丛书名: | ||
| 单 册: | ||
| 中图分类: | TU984.11 | |
| 科图分类: | ||
| 主题词: | 城市规划 | |
| 电子资源: | ||
| ISBN: | 978-7-112-22246-9 | |
| 000 | 00802nam0 2200205 450 | |
| 001 | 1932686168 | |
| 005 | 20190312092139.29 | |
| 010 | @a978-7-112-22246-9@dCNY89.00 | |
| 100 | @a20190312d2018 km y0chiy0120 ea | |
| 101 | 0 | @achi |
| 102 | @aCN@b110000 | |
| 200 | 1 | @a多中心城市空间结构@ADuo Zhong Xin Cheng Shi Kong Jian Jie Gou@e概念、案例与优化策略= Multi center urban spatial structure@f吴一洲著@FWu Yi Zhou Zhu |
| 210 | @a北京@c中国建筑工业出版社@d2018.06 | |
| 215 | @a301页@d26cm | |
| 517 | 1 | @a概念、案例与优化策略= Multi center urban spatial structure@AGai Nian、An Li Yu You Hua Ce Lue=Multi center urban spatial structure |
| 606 | 0 | @a城市规划 |
| 690 | @aTU984.11@v4 | |
| 701 | 0 | @a吴一洲@AWu Yi Zhou@4著 |
| 801 | 0 | @aCN@b大连网信软件有限公司图书馆·11@c20190312 |
| 905 | @aZUCC@dTU984.11@eW909 | |
| 多中心城市空间结构:概念、案例与优化策略= Multi center urban spatial structure/吴一洲著.-北京:中国建筑工业出版社,2018.06 |
| 301页;26cm |
| ISBN 978-7-112-22246-9:CNY89.00 |
| ● |
| 相关链接 |
|
|
|
正题名:多中心城市空间结构
索取号:TU984.11/W909
 
预约/预借
| 序号 | 登录号 | 条形码 | 馆藏地/架位号 | 状态 | 备注 |
| 1 | 1244283 | 212442837 | 建筑库201/201建筑库 62排6列3层/ [索取号:TU984.11/W909] | 在馆 |